01383nam a2200289 a 450000100060000000300080000600500170001400800410003103500190007204000320009104100080012308200260013124500500015726000560020730000410026350000200030450501000032465000370042465000460046170000550050794200120056299900170057495201450059195201240073695201090086095201240096985877BD-RjUL20251021094307.0251020r1975 ii a b 001 0 eng  a(BD-RjUL)85877 aDLCcDLCdDLCdBD-RjULbeng aeng00a581.6340954bIND 197510aIndian medicinal plants /cedited B. D. Basu. aDehra Dun :bBishen Singh Mahendra Pal Singh,c1975 a4 volumes : b1033 plates ;c29 cm. aIncludes index.0 aPlates, Part I from 1-267. Part II from 268-514. Part III from 515-779. Part iv from 780-1033.  0aMedicinal plantszIndia.9115017 0aMateria medica, VegetablezIndia.91153471 aBasu, Baman Das,d1867-1930,ejoint author.917208 2ddccBK c85877d85877 00102ddc4071aRUCLbRUCLcRared1979-02-02eMedia Int. Calcultal0oRA 581.6340954 IND V-1 1975r2025-10-21 00:00:00tC-1w2025-10-21yBK 00102ddc4071aRUCLbRUCLcRared1979-02-14l0oRA 581.6340954 IND V-4 1975r2025-10-21 00:00:00tC-1w2025-10-21yBK 00102ddc4071aRUCLbRUCLcRared1979-02-14oRA 581.6340954 IND V-3 1975r2025-10-21 00:00:00tC-1yBK 00102ddc4071aRUCLbRUCLcRared1979-02-14l0oRA 581.6340954 IND V-2 1975r2025-10-21 00:00:00tC-1w2025-10-21yBK